000 00294nam a2200121Ia 4500
005 20251222141912.0
008 251222s9999||||xx |||||||||||||| ||spa||
082 _a985.03/M22
100 _aManrique, Nelson
245 0 _aConquista y Orden Colonial
264 _bDerrama Magisterial
942 _cLIB
999 _c8413
_d8413